Statistics for Italy World Cup 2014 squad

Click here to take the quiz!

General Stats

  • This quiz has been taken 1,326 times
    (1,234 since last reset)
  • The average score is 15 of 24

Answer Stats

% Correct
GKGianluigi BuffonJuventus
99%
DFGiorgio ChielliniJuventus
88%
MDAndrea PirloJuventus
81%
GKSalvatore SiriguPSG
80%
FWMario BalotelliAC Milan
80%
MDDaniele De RossiAS Roma
78%
DFAndrea BarzagliJuventus
75%
DFLeonardo BonucciJuventus
75%
MDClaudio MarchisioJuventus
73%
MDMarco VerrattiPSG
72%
MDThiago MottaPSG
68%
FWCiro ImmobileTorino
67%
FWLorenzo InsigneNapoli
62%
DFIgnazio AbateAC Milan
62%
DFMattia De SciglioAC Milan
50%
GKMattia PerinGenoa
46%
MDAntonio CandrevaLazio
44%
FWAntonio CassanoParma
43%
FWAlessio CerciTorino
43%
COACHCesare Prandelli/
40%
DFMatteo DarmianTorino
36%
MDAlberto AquilaniFiorentina
31%
DFGabriel PalettaParma
31%
MDMarco ParoloParma
30%

Score Distribution

Percentile by Number Answered

Percent of People with Each Score

Your Score History

You have not taken this quiz since the last reset